| 000 | 00788nam a2200205 i 4500 | ||
|---|---|---|---|
| 001 | 36408 | ||
| 003 | ES-MaACL | ||
| 005 | 20250731034202.0 | ||
| 007 | t| | ||
| 008 | 160929s1905 sp a |||| | spa d | ||
| 100 | 1 |
_aDíaz Vallés, Leopoldo. _944446 |
|
| 245 | 1 | 0 |
_aAmor y patria _b: recuerdos del Ateneo : pequeñas composiciones de actualidad en prosa y en verso / _cLeopoldo Díaz Vallés. |
| 260 |
_aMadrid : _b[s.n.], _c1905 ( _fEst. Tip. de Fernando Fe) |
||
| 300 |
_a160 p. : _bil. ; _c17 cm. |
||
| 500 | _aRetr. del autor. | ||
| 505 | 8 | _aContiene: Recuerdos del Ateneo (sobre las tertulias de la Cacharrería), p. 5 | |
| 610 | 2 | 4 |
_aAteneo de Madrid- _vHistoria- _vRelatos personales _91926 |
| 852 |
_aES-MaACL _j2334-F-10 _z- Ejemplar fotocopiado |
||
| 999 |
_c36408 _d36408 |
||